LEADER 01393nam a2200325 u 4500 001 000000091583 003 CaOOAMICUS 005 20070226124839.0 008 060322s1931 gw u000 u lat u 035 $a11082524 040 $aPUL(R)$bita 041 0 $alat$agrc 100 0 $aAristoteles,$d384-322 a.C.$0(OLS)http://pul/name/792 240 10$aMetaphysica$9(Aristoteles, 384-322 a.C.).$0(OLS)http://pul/title/5025 245 10$aAristotelis Metaphysica /$crecognovit W. Christ. 250 $aNova impressio correctior; editio stereotypa. 260 $aLipsiae :$bin aedibus B.G. Teubneri,$c1931. 300 $axx, 030 p. ;$c17 cm 490 1 $aBibliotheca scriptorum Graecorum et Romanorum Teubneriana ;$v1850 500 $aInclude indice. 500 $aSul front.: "1938". 700 1 $aChrist, Wilhelm von,$d1831-1906.$0(OLS)http://pul/name/40335 830 0$aBibliotheca scriptorum Graecorum et Romanorum Teubneriana ;$v1850.$0(OLS)http://pul/title/1299 850 $aPUL 852 $aPUL$W1$xDP1 Fondo Seidl$y56$m1 A 21$j115334$nBK-PRI$b $qFondi$B115334$CPULBib$Z2$F115334 $HPUL91260 $81 900 $aAristotle,$d 384-322 a.C.$9792 900 $aAristotele,$d384-322 a.C.$9792 941 1 $a1 996 $6245$aAristotelis Metaphysica$9(OLS)http://pul/title/5026 996 $6260$aLipsiae :$bin aedibus B.G. Teubneri$9(OLS)http://pul/publisher/48009 LEADER 01051nam a2200277 a 4500 001 000000135664 003 CaOOAMICUS 005 20131008125531.0 008 131008s1995 it u000 u ita r 020 $a88-459-1122-5 040 $aPUL$bita 100 1 $aLandolfi, Tommaso.$0(OLS)http://pul/name/79075 245 10$aRacconto d'autunno /$cTommaso Landolfi ; a cura di Idolina Landolfi. 260 $aMilano :$bAdelphi,$cİ1995. 300 $a141 p. ;$c22 cm 490 1 $aBiblioteca Adelphi ;$v301 700 1 $aLandolfi, Idolina.$0(OLS)http://pul/name/55704 830 0$aBiblioteca Adelphi ;$v301.$0(OLS)http://pul/title/22168 850 $aPUL 852 $aPUL$W1$xDP1 Fondo E. Rossi$y115$m2 A 133$j156457$qFondi$B155803$CPULBib$Z2$F155803 $82 941 1 $a1 961 $aSul dorso collocazione ms. di E. Rossi: I 87 1 996 $6020$a88-459-1122-5$9(OLS)http://pul/number/153659 996 $6245$aRacconto d'autunno$9(OLS)http://pul/title/171524 996 $6260$aMilano :$bAdelphi$9(OLS)http://pul/publisher/51018